| Tag |
First Indicator |
Second Indicator |
Subfields |
| LEADER |
00000cam a2200000 4500 |
| 001 |
in00000450359 |
| 005 |
20151012091901.0 |
| 008 |
751223s1964 nyu 00000 eng d |
| 010 |
|
|
|a 65001436
|
| 035 |
|
|
|a (OCoLC)01903854
|
| 035 |
|
|
|9 ABY6385AM
|
| 040 |
|
|
|a DLC
|c FQG
|d TXA
|d UtOrBLW
|
| 049 |
|
|
|a TXAM
|c [1013614]
|
| 050 |
0 |
0 |
|a HG8059.C7
|b A765
|
| 110 |
2 |
|
|a American Management Association.
|b Insurance Division.
|
| 245 |
1 |
4 |
|a The growth of corporate insurance management.
|
| 264 |
|
1 |
|a [New York],
|b [publisher not identified] ;
|c 1964.
|
| 300 |
|
|
|a 46 pages ;
|c 28 cm.
|
| 336 |
|
|
|a text
|b txt
|2 rdacontent
|
| 337 |
|
|
|a unmediated
|b n
|2 rdamedia
|
| 338 |
|
|
|a volume
|b nc
|2 rdacarrier
|
| 490 |
0 |
|
|a American Management Association. Management bulletin 58
|
| 500 |
|
|
|a "Based on presentations at AMA's fall insurance conference held in Chicago, November 1964."
|
| 650 |
|
0 |
|a Business insurance.
|
| 999 |
|
|
|a MARS
|
| 999 |
f |
f |
|s f1c0db3a-b83b-3f42-9c59-329a0c162240
|i fbc852d6-aef5-32ce-8678-bfab35fedd64
|t 0
|
| 952 |
f |
f |
|p ric
|a Texas A&M University
|b Rellis Campus
|c Joint Library Facility
|d Remote Storage
|t 0
|e HG8059.C7 A765
|h Library of Congress classification
|i unmediated -- volume
|m A14802889871
|
| 998 |
f |
f |
|a HG8059.C7 A765
|t 0
|l Remote Storage
|